"El taller y mis amigos".

Gardado en:
Detalles Bibliográficos
Autor Corporativo: Programa Interdisciplinario de Investigaciones en Educación (PIIE)
Formato: Libro
Idioma:Lingua castelá
Series:(Material Educativo para Niños del Taller de Aprendizaje, Cuadernillo; 1).
Temas:
Etiquetas: Engadir etiqueta
Sen Etiquetas, Sexa o primeiro en etiquetar este rexistro!

MARC

LEADER 00000nam^a2200000^u^4500
001 000494893
005 20250521000000.0
008 110404s1000^^^^^^^^^^^^r^^^^^000^0^eng^d
009 20260526150855.635
035 |a FCE 000038295 
037 |a Acervo ITESO - Biblioteca 
041 |a spa 
082 0 4 |a 370.194  |b M.E.N.T.A. 1 
110 |a Programa Interdisciplinario de Investigaciones en Educación (PIIE) 
245 1 4 |a "El taller y mis amigos". 
264 |a Santiago de Chile :  |b PIIE,  |c 1987. 
300 |a 18 p. 
336 |a texto  |b txt  |2 rdacontenido 
337 |a sin mediación  |b n  |2 rdamedio 
338 |a volumen  |b nc  |2 rdasoporte 
440 0 |a (Material Educativo para Niños del Taller de Aprendizaje, Cuadernillo; 1). 
649 |a XX 
650 |a Niño 
650 |a Taller 
650 |a Aprendizaje 
910 |a Fondo Centro de Estudios Educativos 
920 |a Impresos - Libros 
930 |a Fondos Especiales 
905 |a 133 
901 |a ALE038343  |b IT2  |c CEE  |u 20250521 
902 |a https://opac.biblio.iteso.mx/vufind/Record/000494893